Nazismo y cultura /
Obra que pone de manifiesto la dominación y control ideológico ejercido por régimen nazi, en gran medida a través de la producción artística y cultural.
Guardado en:
| Hovedforfatter: | |
|---|---|
| Format: | Bog |
| Sprog: | spansk |
| Udgivet: |
México :
Diana,
1990, c1990
|
| Fag: | |
| Tags: |
Ingen Tags, Vær først til at tagge denne postø!
|
MARC
| LEADER | 00000nam^a2200000^a^4500 | ||
|---|---|---|---|
| 001 | 000187670 | ||
| 005 | 20250521000000.0 | ||
| 009 | 20260310102310.534 | ||
| 020 | |a 968-13-2476-5 | ||
| 037 | |a Acervo ITESO - Biblioteca | ||
| 041 | |a ESP | ||
| 082 | |a 709. 43086 |b RIC | ||
| 100 | |a Richard, Lionel |e (autor) | ||
| 245 | 1 | 0 | |a Nazismo y cultura / |c L. Richard ; tr. por Guillermo Piña-Contreras. |
| 264 | 4 | |a México : |b Diana, |c 1990, c1990 | |
| 300 | |a 455 p. | ||
| 336 | |a texto |b txt |2 rdacontenido | ||
| 337 | |a sin mediación |b n |2 rdamedio | ||
| 338 | |a volumen |b nc |2 rdasoporte | ||
| 500 | |a Traducción de: Le nazisme et la culture | ||
| 520 | |a Obra que pone de manifiesto la dominación y control ideológico ejercido por régimen nazi, en gran medida a través de la producción artística y cultural. | ||
| 649 | |a XX | ||
| 650 | |a Futurismo - |z Alemania - |x Historia y Crítica | ||
| 650 | |a Nacionalismo en el Arte - |z Alemania - |x Historia y Crítica | ||
| 650 | |a Literatura Alemana - |x Historia y Crítica | ||
| 650 | |a Arte Moderno - |z Alemania - |x Historia y Crítica | ||
| 650 | |a Arte y Política - |z Alemania - |x Historia - |y Tercer Reich, 1933-1945 - |x Tema Principal | ||
| 650 | |a Arte y Sociedad - |z Alemania - |x Historia - |y Tercer Reich, 1933-1945 | ||
| 650 | |a Arte Alemán - |x Historia y Crítica | ||
| 650 | |a Propaganda - |z Alemania - |x Historia - |y Tercer Reich, 1933-1945 | ||
| 650 | |a Cultura - |z Alemania - |x Historia - |y Tercer Reich, 1933-1945 | ||
| 650 | |a Política Cultural - |z Alemania - |x Historia - |y Tercer Reich, 1933-1945 | ||
| 650 | |a Política - |z Alemania - |x Historia - |y Tercer Reich, 1933-1945 | ||
| 650 | |a Nazismo - |z Alemania - |x Historia | ||
| 650 | |a Alemania - |x Historia - |y Tercer Reich, 1933-1945 | ||
| 650 | |a Alemania - |x Historia - |y Siglo XX | ||
| 910 | |a Fondo General | ||
| 920 | |a Impresos - Libros | ||
| 930 | |a Colección General | ||
| 905 | |a 101 | ||
| 901 | |a 0500130155 |b IT1 |c ACC |u 20250521 | ||
| 902 | |a https://opac.biblio.iteso.mx/vufind/Record/000187670 | ||